000
00299nam a22001337a 4500
008
170324b xxu||||| |||| 00| 0 eng d
020
_a
9781552392324
041
_a
eng
080
_2
3 ED
_a
615.83
100
_a
8
101
_a
SHM
245
_a
FITNESS AND LIFESTYLE
_c
WISOTZKI.N.W
942
_2
udc
_c
BK
999
_c
8562
_d
8562